000
00238nam a22001097a 4500
041
_a
ENG
245
_a
Ground Water CD -ROM
260
_a
Delhi
_b
National Ground Water Assoclation
_c
2004
300
_a
1 CD
650
_a
IDE
856
_u
CD
999
_c
2651
_d
2651